000 00598nam a2200181Ia 4500
008 090124s9999 xx 000 0 und d
082 _b20467
_a1150
100 _aपै एम. आर.
245 _a भारतातील किंमती का वाढतात?
250 _a1
260 _c1974
300 _a28
600 _aपै एम. आर.
630 _a भारतातील किंमती का वाढतात?
700 _aपै एम. आर.
730 _a भारतातील किंमती का वाढतात?
942 _cBOOK
999 _c134272
_d134272